Vplyv nákladov na riadenie podniku diplomová práca

Enregistré dans:
Détails bibliographiques
Auteur principal: Kerekeš, Jozef
Collectivité auteur: Podnikovohospodárska fakulta EU so sídlom v Košiciach. Katedra účtovníctva a financií
Autres auteurs: Lajoš, Branislav
Format: Livre
Langue:slovaque
Publié: Košice 2009
Tags: Ajouter un tag
Pas de tags, Soyez le premier à ajouter un tag!

MARC

LEADER 00000nam$a2200000$$$4500
001 0098685
005 20240320075518.2
041 0 |a slo 
044 |a SK 
245 1 0 |a Vplyv nákladov na riadenie podniku  |b diplomová práca  |c Jozef Kerekeš ; škol. Branislav Lajoš 
264 1 |a Košice  |c 2009 
300 |a 67 s. 
100 1 |a Kerekeš, Jozef 
700 1 |a Lajoš, Branislav 
710 2 |a Podnikovohospodárska fakulta EU so sídlom v Košiciach. Katedra účtovníctva a financií